al-Islām wa-al-uṣūl al-fikrīyah lil-ishtirākīyah al-ʻArabīyah (Record no. 46321)

MARC details
000 -LEADER
fixed length control field 00748cam a22002291 4500
001 - CONTROL NUMBER
control field ne 63002107
003 - CONTROL NUMBER IDENTIFIER
control field DLC
005 - DATE AND TIME OF LATEST TRANSACTION
control field 20260227111751.0
008 - FIXED-LENGTH DATA ELEMENTS--GENERAL INFORMATION
fixed length control field 900718s1962 ua 000 0 ararc
010 ## - LIBRARY OF CONGRESS CONTROL NUMBER
LC control number ne 63002107
025 ## - OVERSEAS ACQUISITION NUMBER
Overseas acquisition number PL480: UAR-3139
035 ## - SYSTEM CONTROL NUMBER
System control number (OCoLC)22096539
040 ## - CATALOGING SOURCE
Original cataloging agency Princeton Univ. Libr.
Transcribing agency WaU
Modifying agency DLC
042 ## - AUTHENTICATION CODE
Authentication code premarc
050 00 - LIBRARY OF CONGRESS CALL NUMBER
Classification number HX550.I8
Item number S33
100 1# - MAIN ENTRY--PERSONAL NAME
Personal name Salama, A. M. Said.
245 13 - TITLE STATEMENT
Title al-Islām wa-al-uṣūl al-fikrīyah lil-ishtirākīyah al-ʻArabīyah
Statement of responsibility, etc. [tal̓īf] ʻAbd al-Mughnī Saʻīd.
250 ## - EDITION STATEMENT
Edition statement al-Ṭabʻah 2., mukabbarah fī ḍaw a̓l-mīthāq.
260 ## - PUBLICATION, DISTRIBUTION, ETC.
Place of publication, distribution, etc. [al-Qāhirah]
Name of publisher, distributor, etc. Maktabat al-Anjlū al-Miṣrīyah
Date of publication, distribution, etc. [1962?]
300 ## - PHYSICAL DESCRIPTION
Extent 6, 108 p.
Dimensions 20 cm.
650 #0 - SUBJECT ADDED ENTRY--TOPICAL TERM
Topical term or geographic name entry element Socialism and Islam.

No items available.

Powered by Koha